[Event "Toronto Battle of inv"]
[Site "Toronto"]
[Date "2012.12.10"]
[Round "2"]
[White "Bzikot, Robert"]
[Black "Dougherty, Michael J"]
[Result "0-1"]
[WhiteElo "1940"]
[BlackElo "2275"]
[PlyCount "92"]
[EventDate "2012.10.15"]
[EventType "tourn"]
[EventRounds "7"]
[EventCountry "CAN"]
[SourceTitle "EXT 2022"]
[Source "ChessBase"]
[SourceDate "2021.10.06"]
[SourceVersion "1"]
[SourceVersionDate "2021.10.06"]
[SourceQuality "1"]

1. e4 c5 2. Nc3 e6 3. g3 d5 4. Bg2 d4 5. Nce2 Nc6 6. d3 e5 7. f4 exf4 8. Nxf4 Nf6 9. Nf3 Bg4 10. h3 Bxf3 11. Qxf3 Ne5 12. Qe2 Bd6 13. 0-0 0-0 14. g4 g5 15. Nd5 Nxd5 16. exd5 Ng6 17. Rf5 f6 18. Bd2 Qc7 19. Qe6+ Kg7 20. Re1 Nh4 21. Rff1 Bh2+ 22. Kh1 Rae8 23. Qxe8 Rxe8 24. Rxe8 Nxg2 25. Re2 Qg3 26. Rxg2 Qxh3 27. Be1 Bf4+ 28. Kg1 Qe3+ 29. Bf2 Qe5 30. Re1 Qxd5 31. b3 Qf3 32. Rf1 Qh3 33. Re1 Kf7 34. Re4 Qf3 35. Re1 Kg6 36. Rf1 Qh3 37. Re1 h5 38. gxh5+ Kxh5 39. Re2 Qf3 40. Be1 Be3+ 41. Kh1 Qf1+ 42. Kh2 Bf4+ 43. Bg3 Bxg3+ 44. Rxg3 Qxe2+ 45. Rg2 Qe5+ 46. Kh1 g4 0-1

[Event "Canadian op 48th"]
[Site "Toronto"]
[Date "2011.07.10"]
[Round "2"]
[White "Zenyuk, Iryna"]
[Black "Bzikot, Robert"]
[Result "1-0"]
[WhiteElo "2222"]
[BlackElo "1882"]
[PlyCount "53"]
[EventDate "2011.07.09"]
[EventType "swiss"]
[EventRounds "9"]
[EventCountry "CAN"]
[SourceTitle "CBM 143 Extra"]
[Source "ChessBase"]
[SourceDate "2011.08.29"]
[SourceVersion "1"]
[SourceVersionDate "2011.08.29"]
[SourceQuality "1"]

1. d4 f5 2. g3 Nf6 3. Bg2 g6 4. Nf3 d6 5. c4 Bg7 6. 0-0 0-0 7. Nc3 c6 8. d5 Na6 9. dxc6 bxc6 10. Nd4 Bd7 11. Nxc6 Bxc6 12. Bxc6 Rb8 13. Bg2 Rb4 14. Nd5 Nxd5 15. Bxd5+ Kh8 16. a3 Rb6 17. Ra2 Qc8 18. b3 Nc5 19. b4 Ne4 20. Rc2 e6 21. c5 dxc5 22. Bxe4 fxe4 23. Rxc5 Qb7 24. Qc2 Bd4 25. Rc7 Qd5 26. e3 Be5 27. Rc5 1-0

[Event "Scarborough CC-ch Reserves"]
[Site "Toronto"]
[Date "2011.04.07"]
[Round "7"]
[White "Sharpe, Sam"]
[Black "Bzikot, Robert"]
[Result "1-0"]
[WhiteElo "1909"]
[BlackElo "1995"]
[PlyCount "115"]
[EventDate "2011.02.24"]
[EventType "swiss"]
[EventRounds "9"]
[EventCountry "CAN"]
[SourceTitle "EXT 2022"]
[Source "ChessBase"]
[SourceDate "2021.10.06"]
[SourceVersion "1"]
[SourceVersionDate "2021.10.06"]
[SourceQuality "1"]

1. Nf3 d5 2. g3 c6 3. Bg2 Bf5 4. 0-0 Nd7 5. d3 e5 6. Nbd2 Bd6 7. e4 Be6 8. Re1 Ne7 9. c4 d4 10. Rb1 a5 11. b3 f6 12. a3 Nc5 13. Qc2 0-0 14. b4 axb4 15. axb4 Na4 16. c5 Bc7 17. Ra1 Nc3 18. Bb2 Na2 19. Nc4 Nxb4 20. Qb3 Na6 21. Qxb7 Nxc5 22. Rxa8 Nxb7 23. Rxd8 Rxd8 24. Nfd2 Ba5 25. Nxa5 Nxa5 26. Ba3 Kf7 27. Rc1 Rb8 28. f4 Rb5 29. fxe5 fxe5 30. Nf3 h6 31. Bd6 Ng6 32. h4 Bg4 33. Bc7 Bxf3 34. Bxf3 Ne7 35. Ra1 Nb7 36. Rf1 Ke8 37. Bg4 Nd8 38. Bxd8 Kxd8 39. Rf8+ Kc7 40. Rf7 Kd6 41. Rxg7 Rb2 42. Kf1 c5 43. Rf7 c4 44. dxc4 d3 45. c5+ Kxc5 46. Rxe7 Kd4 47. Bd1 Ke3 48. Rf7 Kxe4 49. Ke1 Kd4 50. Rf2 Rb4 51. Ra2 e4 52. Ra4 Rxa4 53. Bxa4 Ke3 54. Bd1 d2+ 55. Kf1 Kd3 56. Kf2 e3+ 57. Kf3 h5 58. Be2+ 1-0

[Event "Guelph Fall ProAm"]
[Site "Guelph"]
[Date "2010.11.07"]
[Round "4"]
[White "Bzikot, Robert"]
[Black "Semianiuk, Konstantin"]
[Result "0-1"]
[WhiteElo "2024"]
[BlackElo "2195"]
[PlyCount "98"]
[EventDate "2010.11.06"]
[EventType "swiss"]
[EventRounds "5"]
[EventCountry "CAN"]
[SourceTitle "EXT 2022"]
[Source "ChessBase"]
[SourceDate "2021.10.06"]
[SourceVersion "1"]
[SourceVersionDate "2021.10.06"]
[SourceQuality "1"]

1. e4 c5 2. Nc3 Nc6 3. g3 g6 4. Bg2 Bg7 5. d3 d6 6. f4 e6 7. Nf3 Nge7 8. 0-0 0-0 9. Be3 Nd4 10. Rb1 Qa5 11. a3 Nec6 12. h3 Nxf3+ 13. Rxf3 Bxc3 14. bxc3 Qxc3 15. Bc1 Nd4 16. Rf2 Bd7 17. Bb2 Qa5 18. c3 Nc6 19. f5 exf5 20. exf5 Bxf5 21. Rxf5 gxf5 22. Qh5 f6 23. c4 Ne7 24. Qh4 Qb6 25. Qh5 Rf7 26. Qd1 Qc7 27. Bc3 Rb8 28. Qe2 Qd7 29. Bf3 d5 30. Bh5 Rff8 31. Re1 Ng6 32. Qf2 d4 33. Bd2 b5 34. Bf3 bxc4 35. dxc4 Ne5 36. Bd5+ Kh8 37. Bh6 Nd3 38. Be6 Qc7 39. Bf4 Qa5 40. Bd2 Qc7 41. Bf4 Qg7 42. Qd2 Nxe1 43. Qxe1 Rbd8 44. Bd5 Rfe8 45. Qf2 Qe7 46. Kf1 d3 47. Bf3 Rd4 48. Bh5 Red8 49. Qb2 d2 0-1

[Event "Guelph Fall ProAm"]
[Site "Guelph"]
[Date "2010.11.06"]
[Round "3"]
[White "Guo, Josh"]
[Black "Bzikot, Robert"]
[Result "1/2-1/2"]
[WhiteElo "2198"]
[BlackElo "2024"]
[PlyCount "102"]
[EventDate "2010.11.06"]
[EventType "swiss"]
[EventRounds "5"]
[EventCountry "CAN"]
[SourceTitle "EXT 2022"]
[Source "ChessBase"]
[SourceDate "2021.10.06"]
[SourceVersion "1"]
[SourceVersionDate "2021.10.06"]
[SourceQuality "1"]

1. e4 d6 2. Nf3 Nf6 3. Nc3 g6 4. d4 Bg7 5. h3 0-0 6. Be2 c6 7. a4 Qc7 8. 0-0 e5 9. dxe5 dxe5 10. Be3 Nbd7 11. Qc1 Re8 12. b4 Nh5 13. Rd1 Nf4 14. Bf1 Nf8 15. Rb1 h6 16. Kh2 Kh7 17. Qd2 Be6 18. Qd6 Qxd6 19. Rxd6 Rad8 20. Rxd8 Rxd8 21. Bxa7 g5 22. g3 g4 23. hxg4 Bxg4 24. Nh4 N4e6 25. Be3 Nd4 26. Bd3 Nfe6 27. Kg2 Bf6 28. Nf5 Bg5 29. Bxd4 Nxd4 30. Nxd4 Rxd4 31. f3 Be6 32. Ne2 Rd8 33. f4 Bf6 34. f5 Bd7 35. a5 Bg5 36. Nc3 Rg8 37. Kf3 Bd8 38. Na4 Bc7 39. Nc5 Bc8 40. a6 bxa6 41. Bxa6 Bxa6 42. Nxa6 Bb6 43. Nc5 Ra8 44. Nd3 Ra3 45. b5 c5 46. Rb3 Ra2 47. Nxe5 Rxc2 48. Nd7 c4 49. Rb1 Rc3+ 50. Ke2 Re3+ 51. Kf1 Rb3 1/2-1/2

[Event "Kitchener Oktoberfest"]
[Site "Kitchener"]
[Date "2010.10.16"]
[Round "3"]
[White "Bzikot, Robert"]
[Black "Demmery, Steve"]
[Result "0-1"]
[WhiteElo "2066"]
[BlackElo "2119"]
[PlyCount "100"]
[EventDate "2010.10.15"]
[EventType "swiss"]
[EventRounds "5"]
[EventCountry "CAN"]
[SourceTitle "EXT 2022"]
[Source "ChessBase"]
[SourceDate "2021.10.06"]
[SourceVersion "1"]
[SourceVersionDate "2021.10.06"]
[SourceQuality "1"]

1. e4 d6 2. d4 Nf6 3. Nc3 c6 4. a4 Nbd7 5. Nf3 e5 6. Bc4 Be7 7. 0-0 0-0 8. Re1 b6 9. h3 a6 10. Be3 Bb7 11. Bg5 b5 12. Bd3 b4 13. Ne2 d5 14. Ng3 dxe4 15. Nxe4 Nxe4 16. Bxe7 Qxe7 17. Bxe4 f5 18. Bd3 e4 19. Bc4+ Kh8 20. Qd2 h6 21. Qf4 Qf6 22. Ne5 g5 23. Nxd7 gxf4 24. Nxf6 Rxf6 25. a5 Rd8 26. c3 Rd7 27. Ra4 bxc3 28. bxc3 c5 29. Rb1 Rg6 30. dxc5 Bc6 31. Ra2 Rdg7 32. Rb6 Rxg2+ 33. Kf1 f3 34. Ke1 Rd7 35. Ra1 Rg1+ 36. Bf1 Bb5 37. Rxb5 axb5 38. c6 Rc7 39. a6 Rg8 40. Bxb5 Rxc6 41. a7 Rcc8 42. Kd2 f4 43. Ra4 Rgd8+ 44. Kc2 e3 45. fxe3 fxe3 46. Re4 e2 47. Bd3 Re8 48. Kd2 Rcd8 49. Rxe8+ Rxe8 50. a8Q e1Q+ 0-1

[Event "CAN-ch Amateur U2100"]
[Site "Kitchener"]
[Date "2010.08.02"]
[Round "6"]
[White "Bzikot, Robert"]
[Black "Gladstone, Simon"]
[Result "1/2-1/2"]
[WhiteElo "2004"]
[BlackElo "1968"]
[PlyCount "64"]
[EventDate "2010.07.30"]
[EventType "swiss"]
[EventRounds "7"]
[EventCountry "CAN"]
[SourceTitle "EXT 2022"]
[Source "ChessBase"]
[SourceDate "2021.10.06"]
[SourceVersion "1"]
[SourceVersionDate "2021.10.06"]
[SourceQuality "1"]

1. e4 e6 2. d4 d5 3. Nc3 Bb4 4. e5 c5 5. a3 Bxc3+ 6. bxc3 Ne7 7. Qg4 Kf8 8. Nf3 Qa5 9. Bd2 Qa4 10. c4 Qxc2 11. cxd5 exd5 12. Qh4 Qe4+ 13. Qxe4 dxe4 14. Ng5 cxd4 15. Nxe4 Nbc6 16. f4 b6 17. Rc1 Be6 18. Bd3 Bd5 19. 0-0 Ke8 20. Nd6+ Kd7 21. Bb5 a6 22. Ba4 f6 23. Rce1 fxe5 24. fxe5 b5 25. Bc2 Nxe5 26. Nf5 N7c6 27. Nxd4 Nxd4 28. Rxe5 Nxc2 29. Rxd5+ Ke6 30. Rff5 Rhd8 31. Rde5+ Kd7 32. Rd5+ Ke6 1/2-1/2

[Event "CAN-ch Amateur U2100"]
[Site "Kitchener"]
[Date "2010.07.30"]
[Round "1"]
[White "Erickson, John"]
[Black "Bzikot, Robert"]
[Result "1-0"]
[WhiteElo "1775"]
[BlackElo "2004"]
[PlyCount "89"]
[EventDate "2010.07.30"]
[EventType "swiss"]
[EventRounds "7"]
[EventCountry "CAN"]
[SourceTitle "EXT 2022"]
[Source "ChessBase"]
[SourceDate "2021.10.06"]
[SourceVersion "1"]
[SourceVersionDate "2021.10.06"]
[SourceQuality "1"]

1. d4 d5 2. Nf3 Nf6 3. Bf4 e6 4. e3 Nh5 5. Bg5 Nf6 6. c4 c6 7. Nc3 Be7 8. Be2 0-0 9. 0-0 h6 10. Bh4 Nbd7 11. a3 dxc4 12. Bxc4 c5 13. dxc5 Nxc5 14. b4 Ncd7 15. Nb5 a6 16. Nbd4 Nd5 17. Bxd5 Bxh4 18. Bxe6 Bf6 19. Bb3 Ne5 20. Nxe5 Bxe5 21. Rc1 Qf6 22. Qd3 Rd8 23. Rfd1 Bg4 24. Rd2 Rd6 25. f4 Bxd4 26. exd4 Qxf4 27. Rf1 Qg5 28. Rxf7 Be6 29. Rf1 Kh8 30. Rdf2 Bxb3 31. Qxb3 Rdd8 32. Rf3 Qh4 33. Rf4 Qe7 34. Qg3 Qd7 35. Kh1 Re8 36. h3 Rac8 37. R1f3 Qd5 38. Qg6 Red8 39. Rh4 Rd6 40. Qd3 Rdc6 41. Rhf4 Qd6 42. h4 Rc1+ 43. Kh2 R1c3 44. Qf5 Rxf3 45. Qxc8+ 1-0

[Event "Scarborough CC LH Summer op"]
[Site "Toronto"]
[Date "2010.04.29"]
[Round "1"]
[White "Bzikot, Robert"]
[Black "Morra, Lui"]
[Result "1-0"]
[WhiteElo "1943"]
[BlackElo "1706"]
[PlyCount "73"]
[EventDate "2010.04.29"]
[EventType "swiss"]
[EventRounds "8"]
[EventCountry "CAN"]
[SourceTitle "EXT 2022"]
[Source "ChessBase"]
[SourceDate "2021.10.06"]
[SourceVersion "1"]
[SourceVersionDate "2021.10.06"]
[SourceQuality "1"]

1. e4 c5 2. Nc3 Nc6 3. Nf3 d6 4. d4 cxd4 5. Nxd4 e5 6. Nb3 Nf6 7. Bg5 Be7 8. Bxf6 Bxf6 9. Be2 Be6 10. Bg4 0-0 11. Bxe6 fxe6 12. 0-0 a6 13. a3 Qe7 14. Qd3 Rad8 15. Rad1 Bh4 16. Nd2 Nd4 17. Nc4 Qg5 18. f3 Rf7 19. Ne2 Nc6 20. Kh1 d5 21. Ne3 Qh5 22. exd5 exd5 23. Nxd5 Nd4 24. c4 Nf5 25. g4 Qg5 26. gxf5 Rxf5 27. Ne7+ Qxe7 28. Qxf5 Rf8 29. Qg4 Bg5 30. Rd7 Qf6 31. Nc3 Qh6 32. Nd5 e4 33. f4 e3 34. Rg1 Bf6 35. Nxf6+ Qxf6 36. Rxg7+ Kh8 37. Rg8+ 1-0

[Event "Scarborough CC-ch Reserves op"]
[Site "Toronto"]
[Date "2010.04.22"]
[Round "9"]
[White "Bzikot, Robert"]
[Black "Southam, David"]
[Result "1/2-1/2"]
[WhiteElo "1928"]
[BlackElo "2168"]
[PlyCount "71"]
[EventDate "2010.02.25"]
[EventType "swiss"]
[EventRounds "9"]
[EventCountry "CAN"]
[SourceTitle "EXT 2022"]
[Source "ChessBase"]
[SourceDate "2021.10.06"]
[SourceVersion "1"]
[SourceVersionDate "2021.10.06"]
[SourceQuality "1"]

1. e4 c5 2. Nf3 e6 3. d4 cxd4 4. Nxd4 Nc6 5. Be3 a6 6. Be2 Nf6 7. Bf3 d5 8. exd5 Nxd5 9. Nxc6 bxc6 10. c4 Nxe3 11. Bxc6+ Bd7 12. Bxd7+ Qxd7 13. Qxd7+ Kxd7 14. fxe3 Bb4+ 15. Ke2 Bd6 16. Rd1 Kc6 17. Nc3 Bxh2 18. Ne4 Be5 19. Rab1 h6 20. b4 Kc7 21. Nc5 Bd6 22. Ne4 Be7 23. a4 f5 24. Nf2 Rhd8 25. Nd3 Rab8 26. c5 g5 27. b5 axb5 28. axb5 Ra8 29. Rb2 Bf6 30. Rc2 Rab8 31. b6+ Kc6 32. Nc1 Ra8 33. Nb3 Ra3 34. Nd4+ Bxd4 35. exd4 Rb3 36. Kf2 1/2-1/2

[Event "Toronto Scarborough CC Falling Leaves"]
[Site "Toronto"]
[Date "2009.12.17"]
[Round "7"]
[White "Mahoney, Ian"]
[Black "Bzikot, Robert"]
[Result "0-1"]
[WhiteElo "1494"]
[BlackElo "2003"]
[PlyCount "40"]
[EventDate "2009.11.05"]
[EventType "swiss"]
[EventRounds "7"]
[EventCountry "CAN"]
[SourceTitle "EXT 2011"]
[Source "ChessBase"]
[SourceDate "2010.11.26"]
[SourceVersion "1"]
[SourceVersionDate "2010.11.26"]
[SourceQuality "1"]

1. e4 d6 2. d4 Nf6 3. Nc3 g6 4. Be3 c6 5. Qd2 Nbd7 6. 0-0-0 Qc7 7. Be2 c5 8. dxc5 Nxc5 9. e5 Nfd7 10. Nd5 Qb8 11. exd6 Qxd6 12. Bb5 Bg7 13. Bxc5 Qxc5 14. Nf6+ Bxf6 15. Bxd7+ Kf8 16. Nf3 Kg7 17. h4 Rd8 18. h5 Rxd7 19. Qf4 Rxd1+ 20. Kxd1 Qd6+ 0-1